Sports Quiz

Random Sports or NFL Quiz

WR/RB tandems that have had 800 yards through 8 games Quiz Stats

 Plays Quiz not verified by Sporcle

Challenge
Share
Tweet
Embed
Score 0/14 Timer 02:00
0 Plays Today
Year WR/RB % Correct
2013 (WR)Calvin Johnson
97.5%
1995 (RB)Emmitt Smith
96%
1999 (WR)Marvin Harrison
94.5%
2000 (WR)Marvin Harrison
94.5%
1995 (WR)Michael Irvin
93.5%
2000 (RB)Marshall Faulk
93.5%
1997 (RB)Barry Sanders
93%
Year WR/RB % Correct
2003 (WR)Randy Moss
93%
1999 (RB)Edgerrin James
92.5%
2000 (RB)Edgerrin James
92.5%
2000 (WR)Isaac Bruce
89.9%
2013 (RB)Reggie Bush
86.9%
1997 (WR)Herman Moore
72.9%
2003 (RB)Moe Williams
22.1%

You're not logged in!

Compare scores with friends on all Sporcle quizzes.
Join for Free
OR
Log In

You Might Also Like...

Show Comments

Extras

Top Quizzes Today


Score Distribution

Your Account Isn't Verified!

In order to create a playlist on Sporcle, you need to verify the email address you used during registration. Go to your Sporcle Settings to finish the process.

Report this User

Report this user for behavior that violates our Community Guidelines.

Details: